Episcopalians and the baptism in the Holy Spirit. (Record no. 13699)

000 -LEADER
fixed length control field 00976nam a2200301 a 4500
001 - CONTROL NUMBER
control field :::00011522$&:&@@
003 - CONTROL NUMBER IDENTIFIER
control field OkBaRHE
005 - DATE AND TIME OF LATEST TRANSACTION
control field 20000607103409.0
008 - FIXED-LENGTH DATA ELEMENTS--GENERAL INFORMATION
fixed length control field s1964 j 000 0 eng u
040 ## - CATALOGING SOURCE
Transcribing agency
100 1# - MAIN ENTRY--PERSONAL NAME
Personal name Jensen, Jerry,
245 10 - TITLE STATEMENT
Title Episcopalians and the baptism in the Holy Spirit.
260 ## - PUBLICATION, DISTRIBUTION, ETC. (IMPRINT)
Place of publication, distribution, etc Los Angeles, CA., :
Name of publisher, distributor, etc Full Gospel Business Men's Fellowship International
Date of publication, distribution, etc c1964
300 ## - PHYSICAL DESCRIPTION
Extent 32 p. ;
Dimensions 23 cm.
650 ## - SUBJECT ADDED ENTRY--TOPICAL TERM
Topical term or geographic name as entry element Episcopalians
General subdivision Biography
650 ## - SUBJECT ADDED ENTRY--TOPICAL TERM
Topical term or geographic name as entry element Holy Spirit Baptism
700 ## - ADDED ENTRY--PERSONAL NAME
Personal name Bennett, Dennis J.
700 ## - ADDED ENTRY--PERSONAL NAME
Personal name Burgess, J. Hugh.
700 ## - ADDED ENTRY--PERSONAL NAME
Personal name Cassels, Louis.
700 ## - ADDED ENTRY--PERSONAL NAME
Personal name Dueker, Howard W.
700 ## - ADDED ENTRY--PERSONAL NAME
Personal name Ford, Eugene.
700 ## - ADDED ENTRY--PERSONAL NAME
Personal name Full Gospel Business Men's Fellowship International.
700 ## - ADDED ENTRY--PERSONAL NAME
Personal name Reed, William Standish.
700 ## - ADDED ENTRY--PERSONAL NAME
Personal name Scovell, Norman.
700 ## - ADDED ENTRY--PERSONAL NAME
Personal name Sherwood, William.
942 ## - ADDED ENTRY ELEMENTS (KOHA)
Source of classification or shelving scheme
Koha item type Books
Copies
Full call number Price effective from Source of classification or shelving scheme Koha item type Date last seen Permanent Location Copy number Lost status Barcode Date acquired Withdrawn status Not for loan Damaged status Shelving location
BX 5990 .J42010-04-14 Books2010-04-14RHEMA Bible Training College1 115222010-04-14   General Stacks